000 01305nam a22002777a 4500
003 DO-SdBNP
005 20210824095952.0
007 ta
008 210823e2018 dr ac||gr|||| 001 edspa d
020 _a9789945802214
040 _aDO-SdBNP
_bspa
_cBNPHU
041 _hspa
082 _bA162a
100 1 _914466
_aAbréu, Dió-genes,
_d1959-
245 1 3 _aA lo gringo:
_b!yeah, man, así se invade un país¡. el anticomunismo de Juan Bosch y su relación con la CIA /
_cDió-genes Abréu
246 _aEl anticomunismo de Juan Bosch y su relación con la CIA
260 _aSanto Domingo :
_bEditorial Mediabyte,
_c2018
300 _a476 p.:
_bil. fotogr.
_c23 cm
500 _aLa biblioteca contiene el v.1
500 _aBibliografía y notas al pié de páginas.
500 _aIncluye biografía del autor en la solapa.
504 _aBibliografía, p. 469- 476
505 _t"!Le perdimos el pleito a los políticos..."¡ -Introducción.
_gCapítulo 1.
_tAmérica para los americanos.--
_gCapítulo 2.
_tTerapia para gringos: El trauma del anticomunismo.--
_gCapítulo 3.
_tAbril no empezó en abril.--
_gCapítulo 4.
_tEn esta patria Trujillo y Uncle Sam con los jefes.--
_gCapítulo 5.
_tEl anticomunismo de Bosch y su relación con la CIA.--
590 _aInventariado 2021 / MF
942 _2ddc
_cLBS1
999 _c50250
_d50250